000 01403cam a22003857a 4500
003 CHAP
005 20220329133411.0
008 971013s1990 r 00010 d
010 _a5938
011 _a6910
035 _a6133
040 _cCHAP
082 _a630
_bG65
100 0 0 _aGonzález Estrada, Adrián.
_948884
245 1 4 _aLos tipos de agricultura y las regiones agrícolas de México
260 _aChapingo, Méx. :
_bColegio de Postgraduados,
_c1990
300 _a146 p.
_e+ 3 mapas
500 _a60-80
500 _acol. UACH-CP
590 _aBATCH-UPD
_b10
_c20130110
_lUCH01
_h1144
590 _aBATCH-UPD
_b10
_c20130410
_lUCH01
_h0729
590 _aBATCH-UPD
_b10
_c20130914
_lUCH01
_h0038
590 _aBATCH-UPD
_b10
_c20130914
_lUCH01
_h1703
590 _aCONVERSION
_b10
_c20130109
_lUCH01
_h1304
650 1 4 _aAgricultura
_zMéxico.
_91932
650 1 4 _aCultivos, zonas de
_xMéxico.
_930399
901 _aBK
942 _cLIBRO
949 _a630 G65
_bBC
_cLIBRO
_d33724000027108
_eLIBRO
_fc.5
_h83860
_i6133
_si
949 _a630 G65
_bBC
_cLIBRO
_d33724000027116
_eLIBRO
_fc.4
_h83859
_i6133
_si
949 _a630 G65
_bBC
_cLIBRO
_d33724000027124
_eLIBRO
_fc.3
_h83858
_i6133
_si
949 _a630 G65
_bBC
_cLIBRO
_d33724000027132
_eLIBRO
_fc.2
_h83857
_i6133
_si
949 _a630 G65
_bBC
_cLIBRO
_d33724000605051
_eLIBRO
_fc.6
_h90964
_i6133
_si
949 _a630 G65
_bBC
_cUACH
_d-15733
_eUACH
_h6460
_i6133
_si
999 _c5938
_d5938